Barbie princesse de l'île merveilleuse - J'aimerai savoir - Statistiques

Statistiques générales
  • Ce quiz a été pris 194 fois
  • Le résultat moyen est 176 sur 231
Statistiques - réponses
Réponse % Correct
je
96%
Je
96%
à
94%
est
94%
ma
93%
Que
93%
que
93%
Qui
93%
qui
93%
il
91%
Il
91%
me
91%
Pourquoi
91%
pourquoi
91%
sa
91%
ce
90%
Dans
90%
dans
90%
90%
le
90%
Et
89%
et
89%
tout
87%
Tout
87%
peut
86%
mon
85%
quand
85%
J'aimerai
84%
autre
83%
de
83%
pas
83%
si
83%
mes
82%
pieds
82%
ses
82%
un
82%
ces
81%
près
81%
savoir
81%
une
81%
y
81%
des
80%
d'où
80%
pays
80%
sont
80%
79%
sentiments
79%
viens
79%
voir
79%
famille
78%
habiter
78%
là-bas
78%
réponses
78%
suis-je
78%
timide
78%
trouver
78%
chemin
77%
cet
76%
faut
76%
moi
76%
arbre
75%
j'avais
75%
cache-t-il
74%
elle
74%
Elle
74%
manque
74%
m'attend
74%
quelqu'un
74%
tête
74%
passé
73%
peut-être
73%
Est-ce
72%
questions
72%
qu'il
72%
Toutes
72%
voix
72%
souvenirs
71%
Dis
70%
dois
70%
chance
69%
coeur
69%
d'ici
69%
lendemains
69%
Quels
69%
regarde-t-il
69%
bat
68%
en
68%
peut-il
68%
saisir
68%
troublés
68%
cercles
67%
fort
67%
j'entends
67%
j'éprouve
67%
alors
65%
s'repose
65%
horizons
64%
immense
63%
Même
63%
autres
62%
filles
62%
différente
61%
apprendre
59%
Apprendre
59%
bouillonnent
59%
J'aimerais
59%
joie
59%
Créer
58%
montrer
56%
N'est
56%
partager
56%
sûre
56%
Audacieuse
55%
d'elle
55%
Dois-je
55%
exceptionnelle
52%
m'attends
50%
Comment
49%
guider
49%
ils
49%
Tous
48%
n'dors
46%
soir
46%
croire
45%
j'ose
45%
vont
45%
lui
41%
parfait
41%
sera
41%
aussi
40%
plaire
39%
Pourrai-je
29%
Aucun quiz correspondant
Distribution des résultats
% des personnes avec chaque résultat
Percentile par nombre de réponses
Votre historique - résultats
Vous n’avez pas pris ce quiz